| 000 | 00824nam a2200205 i 4500 | ||
|---|---|---|---|
| 001 | 171427 | ||
| 003 | ES-MaACL | ||
| 005 | 20250808062808.0 | ||
| 008 | 090514s1973 sp |||| | spa d | ||
| 017 | _aM 18423-1973 | ||
| 020 | _a84-220-0439-9 | ||
| 245 | 0 | 0 |
_aAl encuentro de la unidad _b: documentación sobre las relaciones entre la Santa Sede y el Patriarcado de Constantinopla, 1958-1972 / _c[la traducción castellana ha sido hecha directamente por Luis Vadillo sobre la edición oficial]. |
| 260 |
_aMadrid : _bLa Editorial Católica, _c1973. |
||
| 300 |
_aXXX, 1 h., 290, 1 h. ; _c20 cm. |
||
| 490 | 1 |
_aBiblioteca de autores cristianos ; _v345 |
|
| 700 | 0 |
_aVadillo, Luis. _9112388 |
|
| 830 | 0 | 0 |
_aBiblioteca de autores cristianos _v345 _9178679 |
| 852 |
_aES-MaACL _jJ-338 _9R.46092 |
||
| 999 |
_c171427 _d171427 |
||